| 000 | 01176aam a2200481a 44500 | ||
|---|---|---|---|
| 008 | 980422s1998 cat | ||
| 017 | _aB-17495-1998 | ||
| 020 | _a8439344791 | ||
| 041 | _acat | ||
| 041 | _beng | ||
| 041 | _bspa | ||
| 080 | _a628.3(038) | ||
| 245 | _aDiccionari de sanejament | ||
| 260 | _a[Barcelona] | ||
| 260 | _bGeneralitat de Catalunya. Departament de Medi Ambient | ||
| 260 | _c1998 | ||
| 300 |
_a151 p. _c21 cm |
||
| 365 | _b975 | ||
| 365 | _cptes | ||
| 500 | _aBibliografia. Índexs | ||
| 500 | _aCategoria gramatical, remissions, notes, sinònims | ||
| 500 | _btermcat | ||
| 520 | _a748 | ||
| 546 | _acatalà | ||
| 591 | _aSANEJ | ||
| 592 | _aObra terminològica | ||
| 593 | _aCF | ||
| 593 | _aDN | ||
| 594 | _a5488 | ||
| 650 |
_adepuració d'aigües _962430 |
||
| 650 |
_ahidrologia _961368 |
||
| 650 |
_aresidus _962428 |
||
| 650 |
_asanejament _962109 |
||
| 901 | _c<1998> | ||
| 902 | _a980422 | ||
| 942 |
_cMO _n0 _2ddc |
||
| 999 |
_c56317 _d56317 |
||